Atlanta Hawks Head Coaches by Picture - Statistics

General Stats
  • This quiz has been taken 28 times
    20 since last reset
  • The average score is 9 of 29
Answer Stats
Picture Hint Answer % Correct
2021-2023 Nate McMillan
92%
1950 Dave MacMillan
83%
2023-Present Quin Snyder
83%
1993-2000 Lenny Wilkens
67%
2013-2018 Mike Budenholzer
67%
2004-2010 Mike Woodson
58%
2002-2004 Terry Stotts
58%
2010-2013 Larry Drew
50%
1976-1981 Hubie Brown
42%
1962 Bob Pettit
33%
2018-2021 Lloyd Pierce
33%
1949-1950 Red Auerbach
33%
2023 Joe Prunty
25%
1990-1993 Bob Weiss
17%
1972-1976 Cotton Fitzsimmons
17%
1981-1983 Kevin Loughery
17%
2000-2002 Lon Kruger
17%
1957-1958 Alex Hannum
8%
1958-1960 Ed Macauley
8%
1962-1964 Harry Gallatin
8%
1981 | 1983-1990 Mike Fratello
8%
1960-1961 Paul Seymour
8%
1954-1956 Red Holzman
8%
1964-1972 Richie Guerin
8%
1957 Slater Martin
8%
1952-1954 | 1961-1962 Andrew Levane
0%
1958 Andy Phillip
0%
1976 Bumper Tormohlen
0%
1951-1952 Doxie Moore
0%
No matching quizzes found
Score Distribution
Percent of People with Each Score
Percentile by Number Answered
Your Score History
You have not taken this quiz since the last reset